[Event "EU-ch Seniors 65 21st"]
[Site "Lublin"]
[Date "2022.07.12"]
[Round "8"]
[White "Severcan, Sedat Sabri"]
[Black "Berkley, Stephen W"]
[Result "1-0"]
[WhiteElo "1849"]
[BlackElo "1525"]
[PlyCount "141"]
[EventDate "2022.07.05"]
[EventType "swiss"]
[EventRounds "9"]
[EventCountry "POL"]
[SourceTitle "CBM 209 Extra"]
[Source "ChessBase"]
[SourceDate "2022.09.30"]
[SourceVersion "1"]
[SourceVersionDate "2022.09.30"]
[SourceQuality "1"]

1. d4 e6 2. c4 Nf6 3. Nf3 c5 4. g3 d5 5. cxd5 exd5 6. Bg2 Nc6 7. 0-0 Be7 8. Nc3 0-0 9. Bf4 Be6 10. dxc5 Bxc5 11. Ng5 h6 12. Nxe6 fxe6 13. Rc1 Be7 14. Qb3 Qb6 15. Qc2 d4 16. Na4 Qb5 17. Bh3 Nd8 18. b3 Qh5 19. Bg2 Nd5 20. Bd2 Nc6 21. Qe4 Qf5 22. Qxf5 Rxf5 23. Nc5 Bxc5 24. Rxc5 Ne3 25. Rxf5 Nxf1 26. Rc5 Nxd2 27. Rc1 e5 28. Rd1 Nxb3 29. axb3 Kf8 30. Rc1 Rc8 31. b4 Re8 32. b5 Na5 33. Bd5 Rd8 34. Ba2 Ke7 35. Rc5 d3 36. Rxe5+ Kf8 37. exd3 Rxd3 38. Rf5+ Ke8 39. Bg8 Rd7 40. Kg2 Ke7 41. h4 b6 42. h5 Kd6 43. g4 Nb7 44. f4 Ke7 45. g5 hxg5 46. fxg5 Rd2+ 47. Kg3 Nd6 48. Re5+ Kf8 49. Be6 Rd3+ 50. Kf2 Rd2+ 51. Ke1 Rh2 52. g6 Rh4 53. Bd5 Ne8 54. Bc6 Nf6 55. Bf3 Rf4 56. Ke2 Rb4 57. Ke3 Rb3+ 58. Kf4 Rb4+ 59. Kf5 Rh4 60. Ke6 Rf4 61. Be2 Rd4 62. h6 Rh4 63. h7 Nxh7 64. gxh7 Rxh7 65. Rf5+ Ke8 66. Bh5+ Kd8 67. Rf8+ Kc7 68. Rf7+ Kd8 69. Bg6 Rh2 70. Rxg7 Rb2 71. Kd6 1-0

[Event "EU-ch Seniors 65 21st"]
[Site "Lublin"]
[Date "2022.07.06"]
[Round "2"]
[White "Severcan, Sedat Sabri"]
[Black "Virtanen, Esko"]
[Result "1-0"]
[WhiteElo "1849"]
[BlackElo "1709"]
[PlyCount "55"]
[EventDate "2022.07.05"]
[EventType "swiss"]
[EventRounds "9"]
[EventCountry "POL"]
[SourceTitle "CBM 209 Extra"]
[Source "ChessBase"]
[SourceDate "2022.09.30"]
[SourceVersion "1"]
[SourceVersionDate "2022.09.30"]
[SourceQuality "1"]

1. d4 d5 2. c4 c6 3. Nc3 Nf6 4. Nf3 Bf5 5. g3 e6 6. Bg2 Be7 7. Bf4 dxc4 8. Ne5 Nd5 9. Nxc4 Nxf4 10. gxf4 0-0 11. 0-0 Qc7 12. e3 Rd8 13. Qe2 a5 14. Rfe1 b5 15. Ne5 f6 16. Nd3 Bxd3 17. Qxd3 Ra6 18. Qe4 Qd6 19. f5 b4 20. Na4 exf5 21. Qxf5 Nd7 22. Rac1 g6 23. Qd3 c5 24. Qc4+ Kg7 25. dxc5 Nxc5 26. Nxc5 Rc8 27. Ne6+ Qxe6 28. Qxe6 1-0

[Event "TUR-chT Clubs"]
[Site "Konya"]
[Date "2019.07.16"]
[Round "1.18"]
[White "Severcan, Sedat Sabri"]
[Black "Ulupinar, Furkan"]
[Result "1/2-1/2"]
[WhiteElo "1885"]
[BlackElo "1580"]
[PlyCount "76"]
[EventDate "2019.07.16"]
[EventType "team-swiss"]
[EventRounds "9"]
[EventCountry "TUR"]
[SourceTitle "CBM 191 Extra"]
[Source "ChessBase"]
[SourceDate "2019.09.30"]
[SourceVersion "1"]
[SourceVersionDate "2019.09.30"]
[SourceQuality "1"]
[WhiteTeam "Engin Gulec Genclik"]
[BlackTeam "Mustafa Kemal Ortaokulu"]
[WhiteTeamCountry "TUR"]
[BlackTeamCountry "TUR"]

1. c4 Nf6 2. Nc3 c5 3. e3 d5 4. cxd5 Nxd5 5. d4 Nc6 6. Bb5 e6 7. Nf3 cxd4 8. exd4 Bb4 9. Bd2 0-0 10. 0-0 Nxc3 11. bxc3 Be7 12. Qe2 Bf6 13. Bd3 Re8 14. Rab1 e5 15. Rfe1 g6 16. h3 b6 17. Bb5 Bb7 18. Bxc6 Bxc6 19. Nxe5 Bxe5 20. dxe5 Qd5 21. f3 Qxa2 22. Bg5 Qxe2 23. Rxe2 Bd5 24. Bf6 h6 25. Rd2 Bc4 26. f4 b5 27. g4 a5 28. f5 a4 29. fxg6 fxg6 30. Rd7 a3 31. Ra1 Bf7 32. Rb7 a2 33. Rxb5 Reb8 34. c4 Rxb5 35. cxb5 Be6 36. Bh4 Rb8 37. Bf2 Rxb5 38. Bd4 Rb3 1/2-1/2

[Event "Wch Seniors 50 28th"]
[Site "Bled"]
[Date "2018.11.27"]
[Round "9"]
[White "Severcan, Sedat Sabri"]
[Black "Metge, J Nigel"]
[Result "1-0"]
[WhiteElo "1883"]
[BlackElo "2130"]
[PlyCount "59"]
[EventDate "2018.11.18"]
[EventType "swiss"]
[EventRounds "11"]
[EventCountry "SLO"]
[SourceTitle "CBM 187 Extra"]
[Source "ChessBase"]
[SourceDate "2018.11.04"]
[SourceVersion "1"]
[SourceVersionDate "2018.11.04"]
[SourceQuality "1"]

1. d4 Nf6 2. c4 e6 3. Nf3 b6 4. g3 Bb7 5. Bg2 Bb4+ 6. Bd2 Qe7 7. 0-0 0-0 8. Bf4 d5 9. c5 bxc5 10. a3 Ba5 11. dxc5 Qxc5 12. b4 Bxb4 13. axb4 Qxb4 14. Bxc7 Nc6 15. Nbd2 Qe7 16. Be5 Nxe5 17. Nxe5 Rac8 18. e3 Qc7 19. Nef3 a5 20. Re1 Ba6 21. Qa4 Bd3 22. Qd4 Qc3 23. Qxc3 Rxc3 24. Nb1 Rc2 25. Ne5 Be4 26. f3 Bf5 27. g4 Bg6 28. h4 h5 29. g5 Ne8 30. Nxg6 1-0

[Event "Cubuk op 3rd"]
[Site "Cubuk"]
[Date "2017.08.20"]
[Round "2"]
[White "Severcan, Sedat Sabri"]
[Black "Gadimbayli, Abdulla Azar"]
[Result "1-0"]
[WhiteElo "1943"]
[BlackElo "2412"]
[PlyCount "115"]
[EventDate "2017.08.19"]
[EventType "swiss"]
[EventRounds "9"]
[EventCountry "TUR"]
[SourceTitle "CBM 180 Extra"]
[Source "ChessBase"]
[SourceDate "2017.10.06"]
[SourceVersion "1"]
[SourceVersionDate "2017.10.06"]
[SourceQuality "1"]

1. d4 d5 2. Nf3 Nf6 3. g3 g6 4. Bg2 Bg7 5. 0-0 0-0 6. c4 c6 7. cxd5 cxd5 8. Nc3 Nc6 9. a3 Ne4 10. e3 Nxc3 11. bxc3 Na5 12. Nd2 Bf5 13. a4 Rc8 14. e4 dxe4 15. Nxe4 Bxe4 16. Bxe4 Rxc3 17. Bd2 Rc4 18. Bxa5 Qxa5 19. Bxb7 Bxd4 20. Ra2 Rb8 21. Qe2 Qc5 22. Qf3 e6 23. Ba6 Rc3 24. Qe4 Rb4 25. Qe2 h5 26. Bd3 h4 27. Rc2 hxg3 28. hxg3 Rxa4 29. Rxc3 Qxc3 30. Kg2 Qb2 31. Qg4 Qb7+ 32. Be4 Bg7 33. Bxb7 Rxg4 34. f4 e5 35. Bf3 f5 36. Bxg4 fxg4 37. fxe5 Bxe5 38. Rb1 a5 39. Rb5 Bc3 40. Rc5 Bd2 41. Rc4 Kg7 42. Rxg4 Kf6 43. Kf3 Kf5 44. Rd4 Bb4 45. Rd5+ Ke6 46. Rb5 Kf6 47. g4 g5 48. Ke4 Bd2 49. Rb6+ Ke7 50. Kd3 Bf4 51. Rb5 Kf7 52. Rxa5 Kf6 53. Ke4 Kg6 54. Ra6+ Kf7 55. Kf5 Kg7 56. Ra7+ Kh6 57. Kf6 Bg3 58. Ra8 1-0

[Event "Ankara Baskent Univ op 2nd"]
[Site "Ankara"]
[Date "2017.07.01"]
[Round "3"]
[White "Severcan, Sedat Sabri"]
[Black "Hajiyev, Shahin Qabil"]
[Result "0-1"]
[WhiteElo "1915"]
[BlackElo "2077"]
[PlyCount "100"]
[EventDate "2017.06.30"]
[EventType "swiss"]
[EventRounds "9"]
[EventCountry "TUR"]
[SourceTitle "CBM 179 Extra"]
[Source "ChessBase"]
[SourceDate "2017.08.23"]
[SourceVersion "1"]
[SourceVersionDate "2017.08.23"]
[SourceQuality "1"]

1. d4 d5 2. c4 c6 3. Nc3 Nf6 4. Nf3 e6 5. e3 Nbd7 6. Bd3 dxc4 7. Bxc4 b5 8. Bd3 Bb7 9. 0-0 a6 10. Qe2 c5 11. Rd1 Qb6 12. Bd2 Be7 13. Rac1 0-0 14. a3 Rac8 15. Bb1 Qa7 16. h3 Qa8 17. Be1 Rfd8 18. Ba2 Nf8 19. dxc5 Rxd1 20. Rxd1 Bxc5 21. Bd2 Ng6 22. Bb1 Be7 23. Ba2 Bd6 24. Bb1 Bc6 25. Be1 Be7 26. Bd2 Qb7 27. Ba2 a5 28. Bb1 b4 29. axb4 axb4 30. Na2 Ne4 31. Nd4 Bd5 32. Rc1 Ra8 33. b3 Nxd2 34. Qxd2 Bxg2 35. f4 Bxh3 36. Nc6 Bf8 37. Be4 Ra3 38. Qb2 Qb6 39. Kf2 Bf5 40. Bg2 Nxf4 41. Ncxb4 Rxa2 42. Qxa2 Nxg2 43. Kxg2 Qxb4 44. Rc4 Qb7+ 45. Kf2 h5 46. Qa4 Qb8 47. Kg2 Qe5 48. e4 Qb2+ 49. Kf3 Bg4+ 50. Ke3 e5 0-1

[Event "TUR-chT2"]
[Site "Konya"]
[Date "2016.07.18"]
[Round "3.5"]
[White "Capan, Ozan"]
[Black "Severcan, Sedat Sabri"]
[Result "0-1"]
[WhiteElo "1910"]
[BlackElo "1842"]
[PlyCount "87"]
[EventDate "2016.07.17"]
[EventType "team-swiss"]
[EventRounds "9"]
[EventCountry "TUR"]
[SourceTitle "CBM 173 Extra"]
[Source "ChessBase"]
[SourceDate "2016.08.29"]
[SourceVersion "1"]
[SourceVersionDate "2016.08.29"]
[SourceQuality "1"]
[WhiteTeam "Izmir Karsiyaka"]
[BlackTeam "Ankara Dernegi"]
[WhiteTeamCountry "TUR"]
[BlackTeamCountry "TUR"]

1. e4 c6 2. d4 d5 3. exd5 cxd5 4. Bd3 Nf6 5. h3 Nc6 6. c3 e6 7. Bf4 Bd6 8. Ne2 Nh5 9. Bxd6 Qxd6 10. 0-0 Nf4 11. Nxf4 Qxf4 12. Nd2 0-0 13. Nf3 e5 14. dxe5 Nxe5 15. Nxe5 Qxe5 16. Re1 Qg5 17. Qf3 Be6 18. Rad1 Rac8 19. Bb1 Rfd8 20. Qe3 Qf6 21. Rd4 Rc4 22. Red1 g6 23. a3 b5 24. Ba2 Rxd4 25. Qxd4 Qxd4 26. Rxd4 Kf8 27. f4 f5 28. Kf2 Ke7 29. Ke3 Kd6 30. Bb3 h6 31. Rd2 g5 32. g3 Rg8 33. Rd4 Kc5 34. Ba2 a5 35. Bb3 Rb8 36. Ba2 Re8 37. Kf3 Bf7 38. g4 fxg4+ 39. hxg4 Re4 40. fxg5 hxg5 41. Rd2 Rf4+ 42. Ke3 Rxg4 43. Rh2 Re4+ 44. Kd2 0-1

[Event "TUR-chT"]
[Site "Kocaeli"]
[Date "2015.08.13"]
[Round "11.7"]
[White "Safarli, Eltaj"]
[Black "Severcan, Sedat Sabri"]
[Result "1-0"]
[WhiteElo "2644"]
[BlackElo "1819"]
[PlyCount "61"]
[EventDate "2015.08.04"]
[EventType "team-tourn"]
[EventRounds "13"]
[EventCountry "TUR"]
[SourceTitle "CBM 167 Extra"]
[Source "ChessBase"]
[SourceDate "2015.09.14"]
[SourceVersion "1"]
[SourceVersionDate "2015.09.14"]
[SourceQuality "1"]
[WhiteTeam "Besiktas Jimnastik"]
[BlackTeam "Ankara Demirspor"]
[WhiteTeamCountry "TUR"]
[BlackTeamCountry "TUR"]

1. e4 e6 2. d4 d5 3. Nd2 Nf6 4. e5 Nfd7 5. Bd3 c5 6. c3 Nc6 7. Ne2 Qb6 8. Nf3 cxd4 9. cxd4 Bb4+ 10. Bd2 Bxd2+ 11. Qxd2 Qb4 12. a3 Qxd2+ 13. Kxd2 Nb6 14. b3 Bd7 15. h4 Ke7 16. h5 h6 17. Nh4 Na5 18. Rab1 Rac8 19. f4 Rc7 20. g4 a6 21. f5 Rhc8 22. fxe6 Bxe6 23. Nf5+ Bxf5 24. gxf5 Nbc4+ 25. bxc4 dxc4 26. Bc2 c3+ 27. Kc1 Nc4 28. a4 b5 29. axb5 axb5 30. Rh3 b4 31. Rxb4 1-0

[Event "TUR-chT"]
[Site "Kocaeli"]
[Date "2015.08.12"]
[Round "9.7"]
[White "Severcan, Sedat Sabri"]
[Black "Mchedlishvili, Mikheil"]
[Result "0-1"]
[WhiteElo "1819"]
[BlackElo "2605"]
[PlyCount "78"]
[EventDate "2015.08.04"]
[EventType "team-tourn"]
[EventRounds "13"]
[EventCountry "TUR"]
[SourceTitle "CBM 167 Extra"]
[Source "ChessBase"]
[SourceDate "2015.09.14"]
[SourceVersion "1"]
[SourceVersionDate "2015.09.14"]
[SourceQuality "1"]
[WhiteTeam "Ankara Demirspor"]
[BlackTeam "Tarsus Zeka"]
[WhiteTeamCountry "TUR"]
[BlackTeamCountry "TUR"]

1. d4 Nf6 2. c4 c5 3. e3 g6 4. Nf3 Bg7 5. g3 cxd4 6. exd4 d5 7. Bg2 dxc4 8. Nbd2 0-0 9. Nxc4 Be6 10. Ne3 Nd5 11. 0-0 Nc6 12. Nxd5 Bxd5 13. Be3 Qb6 14. Ne5 Bxg2 15. Kxg2 Bxe5 16. dxe5 Qxb2 17. Rb1 Qxa2 18. Rxb7 a5 19. Bf4 Qe6 20. Rb6 Rfb8 21. Rxb8+ Rxb8 22. Re1 h5 23. Qf3 Rb3 24. Qe4 Rb4 25. Qf3 a4 26. Rc1 Rc4 27. Rb1 Kg7 28. Qe3 Qd5+ 29. Kh3 Re4 30. Qf3 Nxe5 31. Bxe5+ Qxe5 32. Kg2 h4 33. Rd1 Qe6 34. Qc3+ f6 35. Kg1 h3 36. Rf1 Qd5 37. Qf3 a3 38. g4 a2 39. Qxh3 Ra4 0-1

[Event "TUR-chT"]
[Site "Kocaeli"]
[Date "2015.08.08"]
[Round "6.3"]
[White "Amonatov, Farrukh"]
[Black "Severcan, Sedat Sabri"]
[Result "1-0"]
[WhiteElo "2592"]
[BlackElo "1819"]
[PlyCount "107"]
[EventDate "2015.08.04"]
[EventType "team-tourn"]
[EventRounds "13"]
[EventCountry "TUR"]
[SourceTitle "CBM 167 Extra"]
[Source "ChessBase"]
[SourceDate "2015.09.14"]
[SourceVersion "1"]
[SourceVersionDate "2015.09.14"]
[SourceQuality "1"]
[WhiteTeam "Hatay Buyuksehir"]
[BlackTeam "Ankara Demirspor"]
[WhiteTeamCountry "TUR"]
[BlackTeamCountry "TUR"]

1. e4 e6 2. d4 d5 3. Nc3 Nf6 4. Bg5 dxe4 5. Nxe4 Nbd7 6. Nf3 Be7 7. Nxf6+ Nxf6 8. Bd3 c5 9. dxc5 Qa5+ 10. c3 Qxc5 11. Qe2 0-0 12. 0-0-0 a5 13. Kb1 a4 14. a3 Ra5 15. Rhe1 h6 16. Bc1 Bd6 17. Nd2 Be7 18. f4 Qh5 19. Nf3 b5 20. g4 Qxg4 21. Rg1 Qh5 22. Qg2 Ne8 23. Nd4 Bf6 24. Be2 Qg6+ 25. Qxg6 fxg6 26. Nc6 Ra6 27. Bxb5 Rb6 28. Bxa4 Ra6 29. Bb5 Ra5 30. Be2 Ra6 31. Bb5 Rb6 32. Ba4 Ra6 33. Bb5 Rb6 34. a4 Bb7 35. Ne5 Be4+ 36. Bd3 Bxd3+ 37. Rxd3 Bxe5 38. fxe5 Nc7 39. Rxg6 Kh7 40. Rg1 Nd5 41. c4 Ne7 42. Rd6 Rb4 43. Rxe6 Nf5 44. a5 Rxc4 45. Rf1 g6 46. Rd1 Rf7 47. a6 Ra4 48. Rb6 Kg7 49. b3 Ra5 50. e6 Re7 51. Bb2+ Kf8 52. Rd8+ Re8 53. Rxe8+ Kxe8 54. Bf6 1-0

[Event "TUR-chT"]
[Site "Kocaeli"]
[Date "2015.08.05"]
[Round "2.4"]
[White "Dastan, Batuhan Muhammed"]
[Black "Severcan, Sedat Sabri"]
[Result "1-0"]
[WhiteElo "2448"]
[BlackElo "1819"]
[PlyCount "104"]
[EventDate "2015.08.04"]
[EventType "team-tourn"]
[EventRounds "13"]
[EventCountry "TUR"]
[SourceTitle "CBM 167 Extra"]
[Source "ChessBase"]
[SourceDate "2015.09.14"]
[SourceVersion "1"]
[SourceVersionDate "2015.09.14"]
[SourceQuality "1"]
[WhiteTeam "Turk Hava Yollari"]
[BlackTeam "Ankara Demirspor"]
[WhiteTeamCountry "TUR"]
[BlackTeamCountry "TUR"]

1. e4 e6 2. d4 d5 3. Nc3 Nf6 4. Bg5 dxe4 5. Nxe4 Nbd7 6. Nxf6+ Nxf6 7. Nf3 Be7 8. Bd3 h6 9. Bh4 a6 10. Qd2 Nd5 11. Bxe7 Qxe7 12. c3 c5 13. 0-0-0 cxd4 14. Nxd4 Qg5 15. g3 Qxd2+ 16. Rxd2 0-0 17. Re1 Nf6 18. Bf1 Bd7 19. Nb3 Rfc8 20. Na5 Rc7 21. Rd6 Rb8 22. Bg2 b6 23. Nc6 Bxc6 24. Rxc6 Rxc6 25. Bxc6 Kf8 26. Bf3 Ke7 27. Kc2 a5 28. a4 Rc8 29. Bg2 Rc5 30. f4 g5 31. fxg5 hxg5 32. Kd3 g4 33. Re2 Rh5 34. Bb7 Nd7 35. b4 Kd6 36. Kd4 e5+ 37. Kc4 Kc7 38. Bd5 f5 39. Be6 e4 40. Kd4 Nf8 41. Bc4 Kd6 42. Rd2 Ne6+ 43. Ke3+ Ke7 44. Rb2 Nc7 45. Kf4 Kd6 46. Rd2+ Ke7 47. Ke5 Ne8 48. bxa5 bxa5 49. Bb5 Nd6 50. c4 Nf7+ 51. Kf4 Ng5 52. Rd5 Ne6+ 1-0

[Event "Malatya Golden Apricot op 2nd"]
[Site "Malatya"]
[Date "2014.06.19"]
[Round "7"]
[White "Severcan, Sedat Sabri"]
[Black "Gholami, Aryan"]
[Result "0-1"]
[WhiteElo "1894"]
[BlackElo "2278"]
[PlyCount "118"]
[EventDate "2014.06.15"]
[EventType "swiss"]
[EventRounds "9"]
[EventCountry "TUR"]
[SourceTitle "CBM 160 Extra"]
[Source "ChessBase"]
[SourceDate "2014.07.01"]
[SourceVersion "1"]
[SourceVersionDate "2014.07.01"]
[SourceQuality "1"]

1. d4 Nf6 2. c4 e6 3. Nf3 b6 4. g3 Bb7 5. Bg2 Bb4+ 6. Bd2 a5 7. 0-0 0-0 8. Nc3 d6 9. Bg5 Bxc3 10. bxc3 Nbd7 11. Re1 h6 12. Bc1 Qe7 13. Ba3 c5 14. Nd2 Bxg2 15. Kxg2 e5 16. e4 Rac8 17. d5 Nh7 18. Nf3 f5 19. Nh4 fxe4 20. Ng6 Rxf2+ 21. Kxf2 Qf6+ 22. Kg2 Qxg6 23. Qe2 Ng5 24. Qg4 Rd8 25. Rf1 e3 26. Rae1 Qc2+ 27. Re2 Qe4+ 28. Qxe4 Nxe4 29. Bc1 Nxc3 30. Rc2 Na4 31. Bxe3 b5 32. cxb5 Nab6 33. Rd2 Nf6 34. Rfd1 a4 35. h3 Ra8 36. Bf2 Kf7 37. Rc1 Nfxd5 38. Bxc5 dxc5 39. Rxc5 Ke6 40. Rc6+ Kf5 41. Rc5 Ke4 42. Re2+ Kd4 43. Rc6 e4 44. Re6 e3 45. h4 Ra5 46. h5 Rxb5 47. Kf3 Rb1 48. Re4+ Kc5 49. Rc2+ Kd6 50. Rg4 Rf1+ 51. Kg2 Rf7 52. Rb2 Re7 53. Kf1 Ke5 54. Rb5 Rc7 55. Rgb4 Rc6 56. Ke2 Rc2+ 57. Ke1 Nc4 58. Rxa4 Kd4 59. Rb8 Rc1+ 0-1

[Event "Troya op 21st"]
[Site "Canakkale"]
[Date "2013.08.18"]
[Round "3"]
[White "Grigoriev, Armen"]
[Black "Severcan, Sedat Sabri"]
[Result "1-0"]
[WhiteElo "2216"]
[BlackElo "1941"]
[PlyCount "131"]
[EventDate "2013.08.17"]
[EventType "swiss"]
[EventRounds "9"]
[EventCountry "TUR"]
[SourceTitle "CBM 156 Extra"]
[Source "ChessBase"]
[SourceDate "2013.10.22"]
[SourceVersion "1"]
[SourceVersionDate "2013.10.22"]
[SourceQuality "1"]

1. Nf3 Nf6 2. c4 c5 3. Nc3 g6 4. d4 cxd4 5. Nxd4 Bg7 6. Nc2 0-0 7. g3 d6 8. Bg2 Nc6 9. 0-0 Ne5 10. b3 Rb8 11. h3 Be6 12. Bb2 Qc8 13. Kh2 h5 14. Nd4 Bd7 15. Rc1 Nc6 16. Nf3 Bh6 17. e3 Qd8 18. Nd5 Ne8 19. Qd2 e6 20. Nf4 Bg7 21. Bxg7 Kxg7 22. Rfd1 Qf6 23. h4 Ne5 24. Ng5 Bc6 25. e4 Rd8 26. Qa5 Ng4+ 27. Kg1 Ra8 28. Rc2 b6 29. Qb4 Rd8 30. Qe1 e5 31. Nd5 Bxd5 32. cxd5 Qe7 33. Rdc1 Rd7 34. Rc6 Nc7 35. Bh3 Nb5 36. f3 Nf6 37. Bxd7 Nxd7 38. Qe3 Nb8 39. R6c4 Na6 40. b4 Nd4 41. Rxd4 exd4 42. Qxd4+ Kg8 43. Qc4 Nb8 44. a3 Nd7 45. f4 Nf6 46. Qc7 Re8 47. Qxe7 Rxe7 48. Rc4 b5 49. Rd4 Rc7 50. e5 Rc1+ 51. Kg2 Rc2+ 52. Kf1 dxe5 53. fxe5 Ng4 54. d6 Rc1+ 55. Ke2 Rc2+ 56. Kd3 Rc8 57. Ke4 Rd8 58. Kf4 f6 59. exf6 Nxf6 60. Ke5 Nd7+ 61. Ke6 Nf8+ 62. Kd5 Rc8 63. Re4 Rc1 64. Re8 Kg7 65. Re7+ Kg8 66. Ne4 1-0

[Event "TUR-ch"]
[Site "Antalya"]
[Date "2013.02.07"]
[Round "8"]
[White "Koksal, Ege"]
[Black "Severcan, Sedat Sabri"]
[Result "1-0"]
[WhiteElo "2228"]
[BlackElo "1948"]
[PlyCount "145"]
[EventDate "2013.02.02"]
[EventType "swiss"]
[EventRounds "11"]
[EventCountry "TUR"]
[SourceTitle "CBM 152 Extra"]
[Source "ChessBase"]
[SourceDate "2013.02.25"]
[SourceVersion "1"]
[SourceVersionDate "2013.02.25"]
[SourceQuality "1"]

1. d4 Nf6 2. c4 g6 3. Nc3 Bg7 4. Nf3 0-0 5. g3 c6 6. Bg2 d5 7. cxd5 cxd5 8. 0-0 Nc6 9. Ne5 e6 10. Nxc6 bxc6 11. Na4 Nd7 12. Be3 Ba6 13. Re1 Bb5 14. Nc3 Nb6 15. b3 a5 16. a4 Ba6 17. Rc1 Rc8 18. Qd2 Bf6 19. Bh6 Re8 20. e4 Bb7 21. exd5 Nxd5 22. Ne4 Be7 23. Nc5 Ba8 24. h4 Rb8 25. h5 Bf6 26. Re4 Bb7 27. hxg6 hxg6 28. Rce1 Bc8 29. Rg4 e5 30. Rge4 Bf5 31. R4e2 Nb4 32. dxe5 Qxd2 33. Bxd2 Be7 34. Bxb4 Rxb4 35. Rc1 Rc8 36. Re3 Bg5 37. f4 Bd8 38. Be4 Bxe4 39. Rxe4 Rbb8 40. Kg2 Be7 41. Re3 Kg7 42. Rd3 Rd8 43. Rcc3 Rxd3 44. Nxd3 Kf8 45. Kf3 Bb4 46. Rxc6 Ba3 47. Rc3 Ke7 48. Ke4 Kd7 49. Kd5 Rb6 50. Nf2 Bb4 51. Rd3 Ke7 52. Ne4 Rb8 53. Nd6 f6 54. g4 fxe5 55. fxe5 Rh8 56. Rf3 Rh7 57. Rf2 Rh3 58. Rf7+ Kd8 59. Ke6 Bxd6 60. Kxd6 Rd3+ 61. Ke6 Rxb3 62. Rd7+ Ke8 63. Ra7 Rb6+ 64. Kd5 Rb4 65. Rxa5 Rxg4 66. Ra8+ Ke7 67. a5 Ra4 68. Ra7+ Kf8 69. a6 g5 70. Ra8+ Kg7 71. e6 Kf6 72. a7 Ra5+ 73. Ke4 1-0

[Event "TUR-ch"]
[Site "Antalya"]
[Date "2013.02.07"]
[Round "9"]
[White "Severcan, Sedat Sabri"]
[Black "Saba, Zafer Rabin"]
[Result "1/2-1/2"]
[WhiteElo "1948"]
[BlackElo "1793"]
[PlyCount "152"]
[EventDate "2013.02.02"]
[EventType "swiss"]
[EventRounds "11"]
[EventCountry "TUR"]
[SourceTitle "CBM 152 Extra"]
[Source "ChessBase"]
[SourceDate "2013.02.25"]
[SourceVersion "1"]
[SourceVersionDate "2013.02.25"]
[SourceQuality "1"]

1. d4 Nf6 2. c4 g6 3. Nc3 d5 4. Nf3 Bg7 5. g3 0-0 6. Bg2 c5 7. cxd5 Nxd5 8. 0-0 Nxc3 9. bxc3 Nc6 10. e3 cxd4 11. cxd4 Be6 12. Rb1 Rb8 13. a4 Qd7 14. Ng5 Bd5 15. Bxd5 Qxd5 16. Rb5 Qd7 17. Ba3 a6 18. Rc5 b6 19. Rc1 Qd5 20. e4 Qd7 21. d5 Nd4 22. Nf3 Nxf3+ 23. Qxf3 b5 24. axb5 axb5 25. Bb4 Rfc8 26. Qd3 Bb2 27. Rxc8+ Rxc8 28. Rb1 Rc1+ 29. Rxc1 Bxc1 30. Qc3 Bg5 31. Kg2 Bf6 32. Qc6 Qa7 33. Qe8+ Kg7 34. e5 Bg5 35. Qxb5 Qd4 36. f4 Qe4+ 37. Kf2 Qd4+ 38. Kf3 Qd1+ 39. Ke3 Qb3+ 40. Kd4 Bh6 41. Kc5 Kg8 42. Kc6 Bf8 43. Kd7 Qa2 44. Qb7 Qa4+ 45. Kd8 Qb3 46. Kc8 Qc4+ 47. Kb8 Qd4 48. Ba5 Qa4 49. Bb6 Qe8+ 50. Qc8 Qb5 51. Qc6 Qb4 52. Kc7 h5 53. d6 exd6 54. exd6 Qd2 55. d7 Be7 56. Kc8 Qxh2 57. Bc5 Qc2 58. d8Q+ Bxd8 59. Kxd8 Qd2+ 60. Bd6 Qa5+ 61. Ke7 Qa7+ 62. Kf6 Qd4+ 63. Kg5 Kh7 64. Be7 Qd3 65. Kh4 Qe2 66. Qd7 Qh2+ 67. Qh3 Qe2 68. Bg5 Qe4 69. Qf1 f6 70. Bxf6 Qf5 71. Qe2 Qxf6+ 72. Kh3 Qf5+ 73. Kh2 Qf6 74. Qe8 h4 75. Qd7+ Kh6 76. Qd2 hxg3+ 1/2-1/2

[Event "TUR-ch"]
[Site "Kemer"]
[Date "2012.02.01"]
[Round "6"]
[White "Tirak, Mert"]
[Black "Severcan, Sedat Sabri"]
[Result "1/2-1/2"]
[WhiteElo "1710"]
[BlackElo "1994"]
[PlyCount "97"]
[EventDate "2012.01.29"]
[EventType "swiss"]
[EventRounds "10"]
[EventCountry "TUR"]
[SourceTitle "CBM 146 Extra"]
[Source "ChessBase"]
[SourceDate "2012.02.29"]
[SourceVersion "1"]
[SourceVersionDate "2012.02.29"]
[SourceQuality "1"]

1. e4 c5 2. Nf3 d6 3. d4 cxd4 4. Nxd4 Nf6 5. Nc3 a6 6. Bg5 e6 7. f4 Nbd7 8. Qf3 Qc7 9. 0-0-0 b5 10. Bd3 Bb7 11. Rhe1 b4 12. Nce2 h6 13. Bxf6 gxf6 14. g4 Nc5 15. Ng3 Be7 16. Kb1 0-0-0 17. Nb3 Kb8 18. Nxc5 dxc5 19. Bc4 Bd6 20. Nh5 f5 21. gxf5 exf5 22. Bd5 fxe4 23. Bxe4 Rhe8 24. Bxb7 Rxe1 25. Rxe1 Qxb7 26. Qxb7+ Kxb7 27. c3 bxc3 28. bxc3 Rg8 29. h3 Rg2 30. Rf1 c4 31. Rd1 Ba3 32. Nf6 Rb2+ 33. Ka1 Rh2 34. Ne4 Kc6 35. Nd2 Kb5 36. Ne4 Rxh3 37. Nd6+ Bxd6 38. Rxd6 Rxc3 39. Rxh6 Rf3 40. Rf6 c3 41. Kb1 Rf2 42. Rxf7 a5 43. Rf8 Rb2+ 44. Kc1 Rxa2 45. f5 Rf2 46. f6 Kb4 47. f7 Ka3 48. Ra8 Rxf7 49. Rxa5+ 1/2-1/2

[Event "TUR-ch"]
[Site "Kemer"]
[Date "2012.01.29"]
[Round "2"]
[White "Aslanhan, Halis"]
[Black "Severcan, Sedat Sabri"]
[Result "0-1"]
[WhiteElo "1804"]
[BlackElo "1994"]
[PlyCount "94"]
[EventDate "2012.01.29"]
[EventType "swiss"]
[EventRounds "10"]
[EventCountry "TUR"]
[SourceTitle "CBM 146 Extra"]
[Source "ChessBase"]
[SourceDate "2012.02.29"]
[SourceVersion "1"]
[SourceVersionDate "2012.02.29"]
[SourceQuality "1"]

1. e4 c5 2. Nc3 d6 3. Nge2 Nf6 4. g3 Bg4 5. Bg2 Nc6 6. h3 Bxe2 7. Nxe2 e5 8. d3 d5 9. Bg5 dxe4 10. Bxe4 Qa5+ 11. Bd2 Qb6 12. Bg2 h6 13. f4 Be7 14. Bc3 exf4 15. Nxf4 Nd4 16. 0-0 0-0 17. Kh2 Bd6 18. Bxd4 cxd4 19. b3 Qc7 20. Rf2 Rae8 21. Qf3 Re7 22. Raf1 Rfe8 23. Kh1 Re3 24. Qxb7 Bxf4 25. Rxf4 Qxb7 26. Bxb7 Nh5 27. Bd5 Nxf4 28. Rxf4 R8e7 29. Kg2 Re2+ 30. Rf2 Kf8 31. a4 a5 32. Kf1 Rxf2+ 33. Kxf2 f5 34. Kf3 g5 35. h4 Kg7 36. hxg5 hxg5 37. Bc4 g4+ 38. Kf2 Kf6 39. b4 axb4 40. a5 Re5 41. a6 Ra5 42. Ke2 Ke5 43. Kf2 Ra1 44. Kg2 f4 45. Kf2 f3 46. Bf7 Rxa6 47. Bb3 Rh6 0-1

[Event "TUR-ch"]
[Site "Kemer"]
[Date "2011.02.11"]
[Round "8"]
[White "Severcan, Sedat Sabri"]
[Black "Kart, Melih"]
[Result "1-0"]
[WhiteElo "2006"]
[BlackElo "1626"]
[PlyCount "75"]
[EventDate "2011.02.05"]
[EventType "swiss"]
[EventRounds "10"]
[EventCountry "TUR"]
[SourceTitle "CBM 140 Extra"]
[Source "ChessBase"]
[SourceDate "2011.03.01"]
[SourceVersion "1"]
[SourceVersionDate "2011.03.01"]
[SourceQuality "1"]

1. c4 e6 2. Nc3 d5 3. Nf3 Nf6 4. g3 c5 5. d3 d4 6. Nb1 Nc6 7. Bg2 Bd6 8. 0-0 Qc7 9. a3 Bd7 10. Nbd2 h5 11. Ng5 h4 12. Nde4 Nxe4 13. Nxe4 hxg3 14. fxg3 0-0-0 15. Rxf7 Ne5 16. Nxd6+ Qxd6 17. Bf4 g5 18. Bxe5 Qxe5 19. Qf1 g4 20. Be4 Qg5 21. Qf4 Qh5 22. Qf2 Qh6 23. Rf1 Qd2 24. e3 Qa5 25. exd4 cxd4 26. Qg2 Qb6 27. b4 Rh5 28. Qf2 Qa6 29. Qxd4 Qxa3 30. Bxb7+ Kc7 31. Bg2 Qxb4 32. Qxa7+ Kc8 33. Qa8+ Kc7 34. Qc6+ Kb8 35. Rxd7 Rxd7 36. Qxd7 Re5 37. Qd8+ Ka7 38. Ra1+ 1-0